000
00231nam a2200097Ia 4500
008
120527s9999 xx 000 0 und d
100
_a
MACDONALD, S
245
_a
Practice in textual analysis
260
_b
Robert Cubson
942
_c
BK
999
_c
25649
_d
25649